[Event "8th Danzhou Super GM 2017"]
[Site "Hainan"]
[Date "2017.07.15"]
[Round "7"]
[White "Naiditsch, Arkadij"]
[Black "Lu, Shanglei"]
[Result "1/2-1/2"]
[WhiteElo "2712"]
[BlackElo "2638"]
[Annotator "TA"]
[PlyCount "102"]
[EventDate "2017.??.??"]
[EventCountry "CHN"]
[SourceTitle "playchess.com"]
[Source "ChessBase"]
[SourceQuality "1"]

{[%evp 17,102,14,15,23,23,18,22,32,32,24,17,6,2,7,24,13,9,4,9,10,10,4,0,0,0,0,7,-48,-41,-26,-16,-28,-28,-33,-32,-64,-10,-10,-9,-14,-19,-29,-34,-39,-10,-20,-13,-21,-8,-17,0,0,0,0,0,-159,-159,-159,-159,-157,-157,-186,-156,-162,-26,-26,-26,-80,-22,-22,0,0,0,0,0,0,0,0,0,0,0,0,0,0,8,8,8]} 1. e4 c5 2. Nf3 d6 3. d4 cxd4 4. Nxd4 Nf6 5. Nc3 a6 6. g3 Nc6 7. Bg2 Bd7 8. O-O e6 {[%cal Be7e6,Be6e5][%mdl 32]} 9. Nce2 Rc8 {LiveBook: 24 Games} 10. Re1 {B80: Sicilian Scheveningen: 6 g3 and 6 Be3, including English Attack} e5 $146 ({Predecessor:} 10... Be7 11. Nxc6 Bxc6 12. Nd4 Bd7 13. g4 O-O 14. g5 Ne8 15. h4 g6 16. Be3 Ng7 17. Ne2 Qc7 {½-½ (46) Mariotti,S (2470)-Polugaevsky,L (2635) Manila 1976}) 11. Nf5 d5 12. exd5 Bxf5 13. Nc3 Bg4 14. Qd2 Na5 15. Rxe5+ Be7 {Threatens to win with ...Nc4.} 16. d6 $1 Nc4 17. Rxe7+ Qxe7 18. dxe7 Nxd2 19. Bxd2 Rc7 $1 20. Bg5 Be6 21. Re1 h6 22. Bxf6 (22. Bf4 $11 Rxe7 23. Bd6) 22... gxf6 $15 {[%cal Bg7f6,Bf6f5][%mdl 32]} 23. a4 Kd7 24. f4 f5 $1 25. Re5 Kd6 26. Kf2 Rhc8 (26... Re8 $1 $15) 27. Bh3 $11 f6 28. Ra5 Kxe7 29. Bxf5 Bxf5 30. Rxf5 Rc5 31. Rxc5 Rxc5 {[%mdl 4096] Endgame KR-KN} 32. Ke3 Ke6 33. Ne2 Kd5 34. Kd3 Rc8 35. b4 a5 36. c3 $2 (36. c4+ $11 Kd6 37. bxa5) 36... Rc4 $17 37. bxa5 Rxa4 38. Nd4 Rxa5 39. g4 Ra2 40. h4 Rh2 ({Black should try} 40... Rf2 $19 41. c4+ Kc5) 41. c4+ $11 Kc5 {White must now prevent ...Rh3+.} 42. Nf5 {[#]} (42. Ne6+ $11 Kd6 43. Ng7) 42... Rh3+ (42... b6 $1 $17 43. h5 Rh3+ 44. Ne3 Rg3) 43. Ke4 $1 {The position is equal.} b6 ({Don't take} 43... Kxc4 44. g5 $17) (43... Rc3 $5 {[%cal Rc3c4]} 44. Ne3 Ra3 $17) 44. g5 $1 {[%cal Rg5g6]} fxg5 45. fxg5 hxg5 46. hxg5 Kxc4 (46... Rh5 $5 {[%cal Rh5g5]} 47. Kf4 Rh8 $11) 47. g6 {aiming for g7.} Rh8 (47... Rh5 $5 {[%cal Rh5g5]}) 48. Ke5 Rg8 49. Kf6 Kd3 50. Nd6 {[#]} (50. Kf7 $5 {[%cal Rf7g8]} Rxg6 51. Kxg6 $11) 50... b5 $1 51. Nxb5 Rxg6+ {Precision: White = 67%, Black = 55%.} 1/2-1/2

[Event "8th Danzhou Super GM 2017"]
[Site "Hainan"]
[Date "2017.07.16"]
[Round "7"]
[White "Ponomariov, Ruslan"]
[Black "Malakhov, Vladimir"]
[Result "1-0"]
[WhiteElo "2699"]
[BlackElo "2722"]
[Annotator "TA"]
[PlyCount "123"]
[EventDate "2017.??.??"]
[EventCountry "CHN"]
[SourceTitle "playchess.com"]
[Source "ChessBase"]
[SourceQuality "1"]

{[%evp 26,123,43,30,37,30,47,47,37,33,38,50,47,40,38,0,23,0,52,50,46,56,77,43,125,107,145,139,143,142,156,138,147,133,171,178,171,171,175,162,168,169,174,172,157,168,154,94,108,102,100,90,121,134,136,105,120,92,89,82,150,128,178,96,218,218,218,218,217,217,217,216,199,147,498,491,556,580,615,608,773,772,709,709,714,710,828,828,828,828,843,693,701,701,701,679,679,631,4592,4585]} 1. d4 d5 2. c4 c6 3. Nf3 Nf6 4. Nc3 a6 5. c5 Nbd7 6. Bf4 Nh5 7. Bd2 (7. Bg5 h6 8. Bd2 Nhf6 9. Qc2 Qc7 10. e4 dxe4 11. Nxe4 Nxe4 12. Qxe4 Nf6 13. Qc2 Be6 14. Ne5 Nd7 {½-½ (40) Ponomariov,R (2739)-Malakhov,V (2706) Khanty-Mansiysk 2009}) 7... Nhf6 8. Bf4 Nh5 9. Bd2 Nhf6 {D15: Slav Defence: 4 Nc3 a6 and gambit lines after 4 Nc3 dxc4} 10. Qc2 g6 11. g3 Bg7 12. Bg2 O-O 13. O-O Re8 14. Rad1 {LiveBook: 26 Games} b5 {[#]} 15. Bg5 $146 ({Predecessor:} 15. b4 a5 16. a3 axb4 17. axb4 {½-½ (34) Fressinet,L (2708)-Malakhov,V (2707) Tromsoe 2013}) 15... a5 16. e4 b4 17. exd5 bxc3 18. dxc6 Nf8 19. bxc3 ({Of course not} 19. Qxc3 Nd5 $15) 19... Bf5 20. Qb3 {[%mdl 1024] White has compensation.} a4 21. Qa3 Ne4 (21... Bc2 $11) 22. Be3 $14 Qa5 23. Rc1 Qa6 24. c4 Qxc6 ({Black should play} 24... Nf6 $14) 25. Ng5 {Strongly threatening Nxe4.} e6 {[#]} 26. g4 $1 {[%mdl 512]} h6 (26... Bxg4 27. Nxe4) 27. gxf5 hxg5 {[#]} 28. f6 $1 {[%cal Rf6g7][%mdl 512]} Bxf6 (28... Nxf6 29. Bxc6) 29. Qd3 Rad8 30. Bxe4 Qc8 31. Qc3 $1 Bg7 {intending ...f5.} 32. Bg2 f5 {Black hopes to continue with ...f4.} 33. Rcd1 $1 f4 34. Bc1 Qxc5 35. dxc5 Bxc3 36. Bc6 ({Better is} 36. c6) 36... Rxd1 $16 37. Rxd1 Rc8 38. Bxa4 Rxc5 39. Bb5 $1 Rc8 40. a4 e5 41. Rd5 Nh7 42. Rd6 Kg7 (42... Bb4 $142 43. Rxg6+ Kf7) 43. Ba3 $1 Bd4 44. Rc6 (44. a5 $1 $18) 44... Ra8 (44... Rxc6 $16 45. Bxc6 Nf8) 45. Rc7+ $18 Kh6 46. c5 {[%cal Bc4c5,Bc5c6,Bc6c7][%mdl 32]} Nf6 47. Rf7 Ne4 48. c6 $1 Bxf2+ 49. Kg2 ({White should try} 49. Kf1 $18 Bc5 50. Bxc5 Nxc5 51. c7) 49... g4 $2 {[%mdl 8192]} (49... Bc5 $16) 50. c7 {White is clearly winning.} f3+ 51. Kf1 {Black must now prevent Bc6.} g3 {[#]} 52. hxg3 $1 {And now Bc1+ would win.} Bb6 {[#]} 53. Rf8 $1 Nxg3+ 54. Ke1 f2+ 55. Kd1 f1=Q+ 56. Bxf1 Bxc7 57. Rxa8 Nxf1 {KRB-KBN} 58. a5 {[%cal Ba4a5,Ba5a6][%mdl 32]} Ne3+ 59. Ke2 Nd5 60. a6 Bb6 61. Kf3 Nc7 62. Rc8 {Precision: White = 92%, Black = 47%.} 1-0

[Event "8th Danzhou Super GM 2017"]
[Site "Hainan"]
[Date "2017.07.16"]
[Round "7"]
[White "Lu, Shanglei"]
[Black "Wang, Hao"]
[Result "0-1"]
[WhiteElo "2638"]
[BlackElo "2698"]
[Annotator "TA"]
[PlyCount "50"]
[EventDate "2017.??.??"]
[EventCountry "CHN"]
[SourceTitle "playchess.com"]
[Source "ChessBase"]
[SourceQuality "1"]

{[%evp 9,50,25,31,5,16,16,16,16,16,16,16,14,19,9,14,-8,-8,-13,-16,-22,-20,-10,-21,-26,-28,-58,-67,-61,-60,-78,-39,-49,-12,-77,-75,-72,-63,-108,-111,-308,-312,-325,-324]} 1. e4 c5 2. Nf3 {[%cal Bg1f3,Bf3d2,Bd2f1,Bf1e3][%mdl 32]} Nc6 3. Nc3 e5 4. Bc4 Be7 5. d3 Nf6 6. a3 {B30: Sicilian: 2...Nc6 3 Bb5, lines without ...g6} (6. Nd2 d6 7. Nf1 O-O 8. Ne3 Nd7 9. a3 Nb6 10. Ba2 Bg5 11. O-O Be6 12. g3 Bxe3 13. Bxe3 Bxa2 14. Rxa2 Qd7 15. b4 cxb4 16. axb4 Nxb4 {½-½ (44) Negi,P (2670)-Moiseenko,A (2676) Khanty-Mansiysk 2017}) 6... O-O 7. Nd2 d6 8. Nf1 {The position is equal.} Bg4 9. f3 Be6 10. Ne3 Nd7 11. Ncd5 Bg5 12. g3 $146 ({Predecessor:} 12. b4 Nb6 13. Rb1 Bxd5 14. Bxd5 Nxd5 15. exd5 {1-0 (59) De Firmian,N (2551)-El Kher,H (2355) Copenhagen 2002}) 12... Nb6 $36 {[%mdl 2048] Black fights for an advantage.} 13. Nxb6 axb6 14. O-O Bxe3+ 15. Bxe3 d5 16. exd5 Bxd5 17. f4 Bxc4 18. dxc4 Qf6 19. b3 exf4 20. Bxf4 {aiming for Bd6.} Rfe8 21. Qf3 (21. Qd5 $11 {remains equal.}) 21... Qg6 $17 22. Rf2 Re7 23. Rd1 Nd4 {[%cal Bc6d4,Bd4e2,Be2c3][%mdl 32]} 24. Qd5 $2 (24. Qg2 $17) 24... Ne2+ $19 25. Kf1 {[#]} Nc3 $1 {Precision: White = 31%, Black = 70%.} ({Worse is} 25... Qxc2 {[#]} 26. Be3 $1 $16 {[%mdl 512]}) ({Weaker is} 25... Nxf4 26. gxf4 Rae8 27. Qg5 $17) 0-1

[Event "8th Danzhou Super GM 2017"]
[Site "Hainan"]
[Date "2017.07.17"]
[Round "8"]
[White "Ivanchuk, Vassily"]
[Black "Yu, Yangyi"]
[Result "1/2-1/2"]
[WhiteElo "2729"]
[BlackElo "2753"]
[Annotator "TA"]
[PlyCount "73"]
[EventDate "2017.??.??"]
[EventCountry "CHN"]
[SourceTitle "playchess.com"]
[Source "ChessBase"]
[SourceQuality "1"]

{[%evp 17,73,25,28,29,38,16,20,24,27,28,1,2,11,0,0,0,0,0,0,0,0,0,0,0,0,0,0,0,0,0,0,-11,-11,-12,-8,-22,-11,-25,-9,-7,0,0,0,0,0,0,0,0,0,0,0,0,0,0,0,0,0,0]} 1. e4 e5 2. Nf3 Nf6 3. Nxe5 d6 4. Nf3 Nxe4 5. d4 d5 6. Bd3 Bf5 7. O-O Be7 8. Re1 O-O 9. c4 Nc6 10. cxd5 {C42: Petroff Defence: 3 Nxe5 and unusual White 3rd moves} (10. Nc3 Nxc3 11. bxc3 Bxd3 12. Qxd3 dxc4 13. Qxc4 Qd7 14. Bf4 Bd6 15. Bxd6 cxd6 16. Re2 d5 17. Qd3 Rae8 {½-½ (40) Predke,A (2550)-Zvjaginsev,V (2677) Kolomna 2016}) 10... Qxd5 11. Nc3 Nxc3 12. bxc3 Rae8 13. h3 $146 ({Predecessor:} 13. Qc2 Bxd3 14. Qxd3 Bd6 15. Bd2 Rxe1+ 16. Bxe1 Na5 {0-1 (40) Muehlenbruch Guimaraes,H (1626)-Rommell,M (1912) Brazil CXV 2000}) 13... Bxd3 14. Qxd3 Bd6 15. Rxe8 Rxe8 16. c4 Qe4 17. Qxe4 Rxe4 18. Be3 b6 19. Rb1 Bf4 20. Rb3 Na5 21. Rc3 Bxe3 22. fxe3 $11 {[%mdl 4096] Endgame KRN-KRN} c5 23. dxc5 Rxc4 24. Rd3 {[%cal Rd3d8] [#]} g6 25. cxb6 axb6 26. Rd8+ Kg7 27. Rb8 Ra4 28. Rxb6 {The position is equal.} Rxa2 29. Ra6 Ra3 30. Kf2 Nc4 31. Rxa3 Nxa3 {KN-KN} 32. Ke2 Nb5 33. Kd3 Kf6 34. Kc4 Nd6+ 35. Kd3 Nb5 36. Kc4 Nd6+ 37. Kd3 {Precision: White = 76%, Black = 81%.} 1/2-1/2

[Event "8th Danzhou Super GM 2017"]
[Site "Hainan"]
[Date "2017.07.17"]
[Round "8"]
[White "Le, Quang Liem"]
[Black "Lu, Shanglei"]
[Result "1/2-1/2"]
[WhiteElo "2726"]
[BlackElo "2638"]
[Annotator "TA"]
[PlyCount "143"]
[EventDate "2017.??.??"]
[EventCountry "CHN"]
[SourceTitle "playchess.com"]
[Source "ChessBase"]
[SourceQuality "1"]

{[%evp 18,143,37,0,25,0,0,0,2,0,0,0,0,-15,52,33,41,32,33,34,53,16,16,16,16,16,17,16,16,9,9,0,10,14,11,11,11,0,0,0,0,0,0,0,0,0,0,0,0,0,0,0,38,24,16,0,27,0,15,19,42,29,52,-20,55,36,176,176,177,174,175,175,175,173,176,178,201,199,206,199,202,199,199,199,199,199,199,150,264,264,330,330,330,330,330,330,330,225,225,225,225,225,225,225,225,225,225,225,225,225,225,225,225,225,225,225,225,225,225,225,225,224,224,0,224,0,221,0]} 1. d4 d5 2. c4 e6 3. Nf3 Nf6 4. Nc3 dxc4 5. e4 Bb4 6. Bg5 c5 7. Bxc4 cxd4 8. Nxd4 Qa5 9. Bd2 O-O {D39: Queen's Gambit Declined: Ragozin Defence with 5 Bg5 dxc4} (9... Qc5 10. Bb5+ Bd7 11. Nb3 Qe7 12. Bd3 Nc6 13. O-O O-O 14. a3 Bd6 15. Bg5 h6 16. Bh4 Bf4 17. Ne2 {0-1 (52) Bacrot,E (2718)-Wang,H (2710) Beijing 2014}) 10. Nc2 {LiveBook: 3 Games} Nc6 (10... Bxc3 $5 11. Bxc3 Qg5 $14) 11. Nxb4 $146 ({Predecessor:} 11. Qe2 Bc5 12. O-O Qc7 13. Kh1 a6 14. f4 b5 15. e5 Nd7 16. Bd3 Re8 17. Ne4 {1-0 (28) Zakharevich,I (2477)-Ovod,E (2378) St Petersburg 2002}) 11... Qxb4 {The position is equal.} 12. b3 {Black must now prevent Nd5.} Qe7 13. O-O Rd8 14. Qe1 Ne5 15. Bg5 Qc5 (15... b6 $11) 16. Be3 Qc7 17. Nb5 Qb8 18. f3 a6 19. Nd4 (19. Nc3 {feels hotter.} b5 20. Be2 Bb7 21. Rc1 Ng6 22. Rf2) 19... Nxc4 20. bxc4 e5 21. Nb3 {[%cal Bd4b3,Bb3a5,Ba5c6][%mdl 32]} Be6 22. Na5 Rd3 23. Rb1 b5 24. Nc6 Qc7 25. Nb4 Ra3 26. Qc1 Qa5 27. Bd2 Qa4 (27... bxc4 $6 28. Nc2 $16) (27... Bxc4 $2 28. Nd5 $18) 28. Nd5 Bxd5 $1 29. Rb4 Bxc4 30. Rxa4 Rxa4 31. Rd1 Rxa2 32. Bc3 Re8 33. Rd2 Ra4 34. Qd1 {Strongly threatening Rd8.} Ra3 35. Bb2 {[%mdl 1024] White has compensation.} Ra2 36. Bc3 Ra3 37. Bb2 Ra2 $1 38. Ba1 Ra3 39. Rd8 {Threatens to win with Bxe5.} Bb3 40. Rxe8+ Nxe8 41. Qc1 b4 {[#]} (41... Ra2 $14) 42. Bb2 $1 $18 ({But not} 42. Bxe5 $6 f6 $11) 42... Ra2 {Hoping for ...f6.} 43. Qc6 {[%cal Rc6e8]} ({Inferior is} 43. Bxe5 f6 $15) 43... Ba4 44. Qxa6 Rxb2 45. Qxa4 {[%cal Ra4e8][%mdl 4096] Endgame KQ-KRN} Kf8 46. Qa5 {Qc5+ is the strong threat.} Rd2 47. Qxb4+ Rd6 48. f4 {[%cal Bf3f4,Bf4f5][%mdl 32]} Kg8 49. Qb5 {[%cal Rb5e8]} Re6 50. f5 Re7 51. Qc5 Kf8 52. g4 {[%cal Bg2g4,Bg4g5][%mdl 32]} Nf6 {[#]} (52... g5 $16 53. fxg6 hxg6) 53. g5 $1 {[%cal Rg5f6]} Nxe4 54. Qd5 ({Less strong is} 54. Qa5 Nd6 $16) 54... Nxg5 55. Qd8+ Re8 56. Qxg5 {KQ-KR} f6 57. Qh5 h6 58. Qg6 Rd8 59. Qh7 Rd4 60. Qh8+ Kf7 61. Qc8 Rf4 62. Kg2 Rd4 63. Kf3 Rf4+ 64. Ke3 Rd4 65. Qe6+ Kf8 66. Qa2 Rf4 67. Qa8+ Kf7 68. Qd5+ Kf8 69. Qd8+ Kf7 70. Qd5+ Kf8 $1 71. Qd8+ Kf7 72. Qd5+ $2 {Precision: White = 64%, Black = 70%.} ({White should play} 72. Qa8 $18) 1/2-1/2

[Event "8th Danzhou Super GM 2017"]
[Site "Hainan"]
[Date "2017.07.17"]
[Round "8"]
[White "Malakhov, Vladimir"]
[Black "Ding, Liren"]
[Result "0-1"]
[WhiteElo "2722"]
[BlackElo "2781"]
[Annotator "TA"]
[PlyCount "98"]
[EventDate "2017.??.??"]
[EventCountry "CHN"]
[SourceTitle "playchess.com"]
[Source "ChessBase"]
[SourceQuality "1"]

{[%evp 14,98,16,14,13,14,15,9,9,0,12,14,21,-11,-7,-15,-4,-13,0,-20,0,0,0,0,0,0,0,0,0,0,0,0,0,0,19,0,0,0,0,0,0,-13,0,-14,-7,-22,-27,-39,-36,-30,-34,-68,-60,-75,-75,-75,-76,-130,-96,-130,-130,-137,-130,-127,-96,-108,-45,-38,0,-72,-72,-62,-33,-121,-123,-125,-130,-130,-127,-130,-126,-130,-124,-116,-97,-342,-346]} 1. e4 e5 2. Nf3 Nc6 3. Bc4 Nf6 4. d3 Bc5 5. O-O O-O 6. h3 d6 7. c3 a5 {C54: Giuoco Piano: 4 c3 Nf6, main lines with 5 d4 and 5 d3} (7... a6 8. a4 Be6 9. Bxe6 fxe6 10. b4 Ba7 11. Be3 Bxe3 12. fxe3 Ne7 13. Nbd2 Ng6 14. d4 Qe7 15. Qb3 Kh8 {½-½ (63) Carlsen,M (2832)-So,W (2812) Stavanger 2017}) 8. a4 {LiveBook: 6 Games} Be6 9. Bxe6 fxe6 {The position is equal.} 10. Nbd2 Qe8 11. Nc4 $146 ({Predecessor:} 11. Nb3 Bb6 12. Bg5 Qg6 13. Bxf6 Rxf6 14. Qe2 Raf8 15. Nbd2 {0-1 (27) Ticleanu,S (2191)-Voiculescu,C (2101) ICCF email 2007}) 11... Qg6 12. Be3 {Threatening Bxc5.} Bxe3 13. Nxe3 (13. fxe3 {is more complex.} Nd7 14. Ncd2 b6 15. Qb3 Ne7 16. Qb5) 13... Nh5 14. Nh4 Qg5 15. Nf3 Qg6 16. Nh4 Qh6 17. Ng4 Qg5 18. Nf3 Qg6 19. g3 Nf6 {[%cal Bh5f6,Bf6d7,Bd7c5][%mdl 32]} 20. Nh4 Qe8 21. Kg2 Nd7 22. Nf3 Qg6 23. Qc2 Rf7 24. Rae1 Raf8 25. Ngh2 Nc5 26. Re3 b6 27. Qd1 h6 28. Nh4 Qh7 29. Qc2 d5 $36 {[%cal Bd6d5,Bd5d4][%mdl 2080] Black has good play.} 30. N4f3 d4 31. Re2 Qg6 32. Ne1 Rd7 33. Nhf3 Qh5 34. Nh2 Rfd8 35. c4 (35. Ng4 $142) 35... Rf8 36. b3 Rdf7 37. Rd2 Nb4 38. Qb1 Qg5 39. Rb2 Rf6 (39... Qg6 $17 {Threatens to win with ...Nbxd3!} 40. Rd2 Qh5) 40. Qd1 $15 Rg6 41. Nhf3 (41. Rd2 $11) 41... Qh5 $17 42. Rd2 Kh7 43. Rh1 (43. Rb2 $15) 43... Rgf6 44. Rf1 Nc6 $1 45. Rb2 {[#]} Kg8 $1 46. Qe2 Nb4 47. g4 Qe8 {White must now prevent ...Rxf3!} 48. Nxe5 Qd8 49. N5f3 $2 {[#]} (49. h4 $17) 49... Rxf3 $1 {[%mdl 512] Precision: White = 60%, Black = 68%.} 0-1

[Event "8th Danzhou Super GM 2017"]
[Site "Hainan"]
[Date "2017.07.17"]
[Round "8"]
[White "Naiditsch, Arkadij"]
[Black "Ponomariov, Ruslan"]
[Result "1-0"]
[WhiteElo "2712"]
[BlackElo "2699"]
[Annotator "TA"]
[PlyCount "117"]
[EventDate "2017.??.??"]
[EventCountry "CHN"]
[SourceTitle "playchess.com"]
[Source "ChessBase"]
[SourceQuality "1"]

{[%evp 27,117,0,6,10,5,8,7,0,0,0,18,16,6,0,14,19,29,2,22,0,0,5,39,32,141,125,138,141,134,146,255,254,254,254,270,270,270,270,270,270,270,270,320,320,320,314,299,299,520,520,520,509,546,546,861,878,878,878,878,878,878,878,878,853,853,853,853,847,845,823,757,673,584,580,29978,29979,29979,29980,29979,29980,29986,29987,29987,29988,29988,29989,29989,29990,29992,29993,29993,29993]} 1. e4 e5 2. Nf3 Nc6 3. Bb5 a6 4. Ba4 Nf6 5. O-O Be7 6. d3 b5 7. Bb3 d6 8. a3 O-O 9. Nc3 Bg4 10. Be3 Nd4 {C84: Closed Ruy Lopez: Unusual White 6th moves} 11. Bxd4 exd4 12. Nd5 Nd7 13. h3 Bxf3 14. Qxf3 a5 {[#] LiveBook: 3 Games} 15. c3 $146 ({Predecessor:} 15. Nf4 a4 16. Ba2 Rb8 17. Qh5 c6 18. Ne2 {0-1 (31) Grigoriants,S (2576)-Kravtsiv,M (2653) Minsk 2017}) 15... dxc3 16. bxc3 c6 17. Nxe7+ Qxe7 18. d4 c5 (18... a4 $5 {[%cal Ra4b3]} 19. Bc2 Rac8 $11) 19. Rfe1 Rab8 20. Re3 b4 21. axb4 axb4 22. dxc5 {Threatens to win with Ra7.} Ne5 23. Qg3 {Black should prevent cxd6.} dxc5 {White must now prevent ...c4.} 24. Bd5 Rb6 25. f4 Nd7 (25... Ng6 $14) 26. e5 $1 $16 {[%cal Be4e5,Be5e6][%mdl 32]} b3 27. c4 b2 28. Rb1 Rfb8 {[#]} (28... Kh8 $16 {keeps fighting.} 29. Re2 Rfb8) 29. e6 $1 $18 {[%cal Re6f7][%mdl 512]} fxe6 {[#]} 30. Rxe6 $1 {[%mdl 512]} Qxe6 (30... Rxe6 31. f5) 31. Bxe6+ Rxe6 32. Qd3 Nf6 33. Qc2 Reb6 34. Qf5 Ra8 35. Qxc5 Ra1 36. Qxb6 Rxb1+ {[%mdl 4096] Endgame KQ-KRN} 37. Kh2 $1 h6 $2 (37... h5 38. Qb3 Kh8) 38. g4 Kh8 {intending ...Ne4.} 39. g5 hxg5 40. fxg5 Ng8 41. h4 Rc1 42. Qxb2 Rxc4 43. Kg3 Rc7 44. Qd4 Rc6 45. h5 Re6 46. Qd5 Re7 47. Kg4 Kh7 48. Qd3+ Kh8 49. Qd8 Rf7 50. Qc8 Re7 51. Kf5 {White mates.} Kh7 52. g6+ Kh8 {[#]} 53. h6 $1 gxh6 54. Qc3+ Rg7 {[#]} 55. Kg4 $1 Ne7 56. Kh5 Kg8 57. Qb3+ ({Not} 57. Qf6 Nxg6 58. Qe6+ (58. Kxh6 Rh7+ 59. Kg5 Ne7 $16) 58... Kh7 $16) 57... Kh8 58. Qb8+ Ng8 59. Qb2 {Precision: White = 89%, Black = 36%.} 1-0

[Event "8th Danzhou Super GM 2017"]
[Site "Hainan"]
[Date "2017.07.17"]
[Round "8"]
[White "Wang, Hao"]
[Black "Wei, Yi"]
[Result "1/2-1/2"]
[WhiteElo "2698"]
[BlackElo "2738"]
[Annotator "TA"]
[PlyCount "58"]
[EventDate "2017.??.??"]
[EventCountry "CHN"]
[SourceTitle "playchess.com"]
[Source "ChessBase"]
[SourceQuality "1"]

{[%evp 22,58,27,18,20,20,19,20,20,23,21,14,29,3,29,20,43,7,0,0,0,0,0,0,0,0,0,0,0,0,0,0,0,0,0,0,0,0,0]} 1. d4 Nf6 2. c4 e6 3. Nf3 d5 4. Nc3 c5 5. cxd5 cxd4 6. Qxd4 exd5 7. e4 Nc6 8. Bb5 {D41: Queen's Gambit Declined: Semi-Tarrasch with 5 cxd5} dxe4 9. Qxd8+ Kxd8 10. Ng5 Be6 11. O-O Bb4 12. Ncxe4 {LiveBook: 27 Games} Nxe4 13. Nxe4 Ke7 14. Be3 {White wants to play a3.} Rhd8 15. Bxc6 bxc6 {[#]} 16. Rfc1 $146 Bd5 (16... Ke8 {is interesting.} 17. f3 Bd5 18. Nc5 f6 19. a3 Bxc5 20. Rxc5 a5) 17. Nc3 (17. Bc5+ {feels hotter.} Bxc5 18. Nxc5 g5 19. f3 h5 20. Rc2) 17... Bxc3 (17... f6 {with more complications.} 18. Nxd5+ cxd5 19. a3 Bd6 20. Rc2 a5) 18. Rxc3 f6 19. h3 (19. Ra3 {seems wilder.} Kf7 20. b3 a5 21. h3 Rdb8 22. Rd1) 19... a5 {The position is equal.} 20. b3 Kf7 21. Rd1 a4 22. bxa4 Rxa4 23. Rxc6 Bxc6 24. Rxd8 Rxa2 25. Rd2 Rxd2 26. Bxd2 $11 {KB-KB} Bd5 27. Be3 Bc6 28. Bd2 Bd5 29. Be3 Bc6 {Precision: White = 83%, Black = 67%.} 1/2-1/2

[Event "8th Danzhou Super GM 2017"]
[Site "Hainan"]
[Date "2017.07.18"]
[Round "9"]
[White "Ding, Liren"]
[Black "Naiditsch, Arkadij"]
[Result "1/2-1/2"]
[WhiteElo "2781"]
[BlackElo "2712"]
[Annotator "TA"]
[PlyCount "145"]
[EventDate "2017.??.??"]
[EventCountry "CHN"]
[SourceTitle "playchess.com"]
[Source "ChessBase"]
[SourceQuality "1"]

{[%evp 19,145,10,12,14,14,19,18,20,6,19,1,0,4,0,0,0,0,0,0,-24,-5,0,-7,-77,-65,-92,-106,-98,-86,-112,-82,-81,-81,-87,-74,-72,-75,-77,-80,-82,-70,-93,-83,-98,-94,-94,-94,-91,-95,-72,-32,-32,-12,-11,-11,-13,-14,-15,-9,-27,-23,-43,-29,-43,-8,-132,-135,-128,-147,-134,-130,-173,0,0,0,0,0,0,0,0,0,-50,0,0,0,0,0,0,0,0,0,0,0,0,0,0,0,0,8,0,8,8,8,8,8,8,8,8,8,8,8,8,8,8,8,8,8,8,8,0,0,0,0,0,0,-8,-8,-8]} 1. d4 Nf6 2. c4 e6 3. g3 d5 4. Bg2 dxc4 5. Nf3 c5 6. O-O Nc6 7. Qa4 Bd7 8. Qxc4 b5 9. Qc3 {E04: Open Catalan: 5 Nf3} b4 10. Qd3 Rc8 {LiveBook: 4 Games} 11. dxc5 Bxc5 12. Be3 $146 ({Predecessor:} 12. Bf4 Be7 13. Nbd2 Nd5 14. Nc4 Nxf4 15. gxf4 O-O 16. Rfd1 Rc7 {½-½ (40) Jakovenko,D (2710)-Lu,S (2614) Moscow 2016}) 12... Bxe3 13. Qxe3 O-O 14. Nbd2 Qe7 15. Nc4 Rfd8 (15... Ng4 $5 {[%cal Rg4e3]} 16. Qd2 Rcd8 $14) 16. Rac1 Ng4 17. Qd2 Be8 18. Qf4 h5 19. e3 e5 20. Qe4 g6 21. h4 {[#]} (21. h3 $11 f5 22. Qb1) 21... Bd7 $1 $17 {[%cal Be8d7,Bd7f5,Bf5e6][%mdl 32]} 22. Nfd2 Bf5 $36 {[%mdl 2048] Black is really pushing.} 23. Qf3 Nf6 24. e4 Nd4 25. Qe3 Ng4 26. Qe1 Be6 27. f3 Nf6 {[%cal Bg4f6,Bf6d7,Bd7b6][%mdl 32]} 28. Rf2 Nd7 29. Bf1 Rc7 30. Ne3 Nb6 31. b3 {[#]} Rxc1 $1 32. Qxc1 a5 33. Ndc4 Qc5 34. Kg2 Nb5 (34... a4 $5 {[%cal Ra4b3]} 35. Qd1 axb3 36. axb3 Kg7 $15) 35. Qe1 Nc3 36. Nxb6 Qxb6 37. Bc4 Rd4 38. Bxe6 (38. a3 $5) 38... Qxe6 39. Rd2 Qd7 40. Nc4 a4 41. bxa4 Qc7 42. Nb2 (42. Ne3 $11 {remains equal.}) 42... Nxa2 {Strongly threatening ...Qc3.} 43. Qf2 Nc3 44. Rxd4 exd4 45. Qc2 Qa5 $2 (45... Qb6 $19 46. Qd3 Qc5) 46. Nd3 $11 Nxa4 {White must now prevent ...Qb5.} 47. Qc4 Nc3 48. Qxb4 Qa2+ 49. Qb2 Qc4 50. Ne5 Qc7 (50... Qa4 {is interesting.} 51. Nd3 Nd1 52. Qb8+ Kh7 53. Qb1 Ne3+) 51. Nd3 {The position is equal.} Qa7 52. Qd2 Qa4 53. Nf4 Qc4 54. Kf2 Na4 55. Nd5 Nc3 56. Nf4 Kh7 57. Kg2 Qa4 58. e5 Qc4 59. e6 {Hoping for e7.} fxe6 60. Qc2 d3 61. Nxd3 Nd5 62. Qxc4 {White threatens Qe4 and mate.} Ne3+ 63. Kf2 Nxc4 {[%mdl 4096] Endgame KN-KN} 64. Nc5 e5 65. Nd7 Kg8 66. Ke2 Kg7 67. Kd3 Nd6 68. Nxe5 {next Ke3 is good for White.} Nf5 69. g4 hxg4 70. fxg4 Nxh4 71. g5 Nf5 72. Nxg6 Kxg6 73. Ke4 {Precision: White = 69%, Black = 83%.} 1/2-1/2